[Event "Deutschland 81/309"]
[Site "?"]
[Date "2001.??.??"]
[Round "?"]
[White "Rogozenko, D."]
[Black "Shirov, A."]
[Result "1-0"]
[WhiteElo "2531"]
[BlackElo "2746"]
[PlyCount "93"]
[EventDate "2001.??.??"]
[Source "Chess Informant"]
[SourceDate "2001.02.01"]

1. d4 d5 2. c4 c6 3. Nf3 Nf6 4. Nc3 dxc4 5. a4 Na6 6. e4 Bg4 7. Bxc4 Bxf3 8. gxf3 e6 9. O-O Be7 10. Kh1 O-O 11. Rg1 g6 12. f4 Qa5 13. Qf3 Rad8 14. Be3 Qb4 15. Qe2 Nc7 16. a5 Nb5 17. e5 Nd5 18. Nxd5 exd5 19. Bxb5 Qxb5 20. Qxb5 cxb5 21. a6 Rd7 22. f5 bxa6 23. f6 Bd8 24. Rxa6 Bb6 25. Rc1 Rb8 26. Kg2 Kf8 27. Kf3 Ke8 28. Ke2 Rdd8 29. Kd3 Rdc8 30. b3 Kd7 31. Bd2 Rxc1 32. Bxc1 Ke6 33. Bd2 Kf5 34. Ba5 Bxa5 35. Rxa5 Rb7 36. Ra6 b4 37. Ra5 Ke6 38. f4 Rd7 39. Ke3 Rc7 40. Rc5 Rd7 41. Rc8 Kf5 42. Re8 Rc7 43. Re7 Rc3+ 44. Kd2 Rh3 45. Rxf7 Kxf4 46. Rc7 Rxh2+ 47. Kc1 1-0

[Event "EUCup final"]
[Site "Budapest"]
[Date "1996.??.??"]
[Round "4"]
[White "Kortschnoj, Viktor"]
[Black "Conquest, Stuart"]
[Result "1/2-1/2"]
[WhiteElo "2635"]
[BlackElo "2585"]
[PlyCount "83"]
[EventDate "1996.11.27"]
[Source "ChessBase"]

1. d4 d5 2. c4 c6 3. Nf3 Nf6 4. Nc3 dxc4 5. a4 Na6 6. e4 Bg4 7. Bxc4 e6 8. Bxa6 bxa6 9. Qd3 Bxf3 10. gxf3 a5 11. Qc4 Qc8 12. Rg1 Rb8 13. Rg5 Rb4 14. Qe2 Rxd4 15. Rxa5 Qc7 16. Be3 Qxa5 17. Bxd4 Be7 18. Qc4 O-O 19. Qxc6 Rb8 20. O-O-O h6 21. f4 Qb4 22. Rd2 a5 23. f3 Qb3 24. Be5 Rb4 25. Qc7 Bf8 26. Rd8 Qxb2+ 27. Kd1 Qa1+ 28. Ke2 Rb2+ 29. Rd2 Rxd2+ 30. Kxd2 Bb4 31. Qd8+ Kh7 32. Bxf6 gxf6 33. Qxf6 Bxc3+ 34. Qxc3 Qxa4 35. Ke3 Kg8 36. Qf6 Qb3+ 37. Kf2 a4 38. Qxh6 Qb2+ 39. Ke3 a3 40. Qg5+ Kf8 41. Qd8+ Kg7 42. Qg5+ 1/2-1/2

[Event "54th ch-HUN"]
[Site "Budapest"]
[Date "2004.08.20"]
[Round "2.5"]
[White "Gyimesi, Zoltan"]
[Black "Varga, Zoltan"]
[Result "1/2-1/2"]
[WhiteElo "2618"]
[BlackElo "2592"]
[PlyCount "144"]
[EventDate "2004.08.19"]
[Source "Roberto Alvarez"]
[SourceDate "2004.09.06"]

1. d4 d5 2. c4 c6 3. Nf3 Nf6 4. Nc3 dxc4 5. a4 Na6 6. e4 Bg4 7. Bxc4 Bxf3 8. gxf3 e6 9. Be3 Nb4 10. a5 Be7 11. O-O O-O 12. Kh1 b5 13. axb6 axb6 14. Rc1 c5 15. Rg1 g6 16. dxc5 Qxd1 17. Rgxd1 Bxc5 18. e5 Bxe3 19. fxe3 Rac8 20. Bxe6 fxe6 21. exf6 h6 22. Kg2 Rcd8 23. Kg3 Kf7 24. Ne4 Rxd1 25. Rxd1 Nd5 26. Ra1 g5 27. Ra7+ Kg6 28. Rg7+ Kf5 29. Kf2 e5 30. Rb7 g4 31. f7 gxf3 32. Kxf3 Ke6 33. Nf2 h5 34. e4 Nf4 35. Ke3 Kf6 36. Nd3 Nxd3 37. Kxd3 Rd8+ 38. Kc3 Kg7 39. b4 Rd4 40. Rxb6 Kxf7 41. b5 Rxe4 42. Rc6 Ke7 43. b6 Re1 44. Rh6 Kd7 45. Rxh5 Kc6 46. Rh6+ Kb7 47. Kc4 e4 48. Kd4 e3 49. h4 Ka6 50. Kd3 Kb7 51. h5 Ka6 52. Ke4 Kb7 53. Kf3 Ka6 54. Re6 Rh1 55. Kg4 Rg1+ 56. Kf5 Rf1+ 57. Kg6 Rg1+ 58. Kf5 Rf1+ 59. Kg5 Rg1+ 60. Kf4 Rf1+ 61. Kg4 Rg1+ 62. Kf3 Rh1 63. h6 Rh3+ 64. Kg4 Rh2 65. Kg3 Rh5 66. Kf3 Rh3+ 67. Ke2 Kb7 68. Kd3 Ka6 69. Kd4 e2 70. Kc5 Rh5+ 71. Kd4 Rxh6 72. Rxe2 Kxb6 1/2-1/2

[Event "Moscow RUS"]
[Site "Moscow RUS"]
[Date "1981.??.??"]
[Round "?"]
[White "Portisch, Lajos"]
[Black "Torre, Eugenio"]
[Result "1-0"]
[WhiteElo "2650"]
[BlackElo "2550"]
[PlyCount "65"]
[EventDate "1981.??.??"]
[Source "www.chesslib.no"]
[SourceDate "2004.05.04"]

1. d4 d5 2. c4 c6 3. Nf3 Nf6 4. Nc3 dxc4 5. a4 Na6 6. e4 Bg4 7. Bxc4 e6 8. Be3 Be7 9. O-O O-O 10. Qe2 Nb4 11. Rac1 Bh5 12. Rfd1 Qa5 13. h3 Bg6 14. Bf4 Rad8 15. Ne5 a6 16. Bb3 Qb6 17. Qe3 Nd3 18. Qxd3 Qxb3 19. Nd5 Qxd1+ 20. Qxd1 exd5 21. Qb3 dxe4 22. Nxg6 hxg6 23. Qxb7 Nd5 24. Be5 a5 25. Rxc6 f6 26. Bg3 Rf7 27. Qb3 Bb4 28. Bd6 Rxd6 29. Rxd6 Bxd6 30. Qxd5 g5 31. Qe6 Kf8 32. Qc8+ Ke7 33. d5 1-0

[Event "YUG-chT 52nd"]
[Site "?"]
[Date "2000.08.29"]
[Round "6"]
[White "Rajkovic Dusan"]
[Black "Rublevsky Sergei"]
[Result "1-0"]
[WhiteElo "2474"]
[BlackElo "2670"]
[PlyCount "61"]
[EventDate "2000.??.??"]
[Source "www.chesslib.no"]
[SourceDate "2004.05.04"]

1. d4 d5 2. c4 c6 3. Nf3 Nf6 4. Nc3 dxc4 5. a4 Na6 6. e4 Bg4 7. Bxc4 Bxf3 8. gxf3 Nb4 9. Be3 e6 10. f4 Be7 11. Rc1 O-O 12. Qf3 c5 13. dxc5 Rc8 14. O-O Bxc5 15. b3 Bxe3 16. Qxe3 Nh5 17. Kh1 Qh4 18. Ne2 Nc6 19. Rg1 g6 20. Rg5 h6 21. Rb5 b6 22. Rg1 Kh7 23. h3 Nf6 24. Rg3 Nd7 25. f5 exf5 26. exf5 Nc5 27. Bxf7 gxf5 28. Be6 Kh8 29. Nf4 Ne7 30. Bxf5 Ne4 31. Ng6+ 1-0

[Event "Voronezh RUS"]
[Site "?"]
[Date "2006.06.13"]
[Round "2"]
[White "Khismatullin Denis"]
[Black "Skorchenko Dmitriy"]
[Result "1-0"]
[WhiteElo "2584"]
[BlackElo "2473"]
[PlyCount "63"]
[EventDate "2006.??.??"]
[Source "www.chesslib.no"]
[SourceDate "2004.05.04"]

1. d4 d5 2. c4 c6 3. Nf3 Nf6 4. Nc3 dxc4 5. a4 Na6 6. e4 Bg4 7. Bxc4 Bxf3 8. gxf3 e6 9. f4 Qa5 10. O-O O-O-O 11. Be3 Nb4 12. Qf3 g6 13. Kh1 Be7 14. Rg1 Nh5 15. f5 exf5 16. exf5 Nd5 17. Nxd5 cxd5 18. Be2 Kb8 19. fxg6 fxg6 20. Qf7 Qb4 21. Bxh5 gxh5 22. Qxh5 Qxb2 23. Qf5 Qb6 24. Rg7 Qf6 25. Qe5+ Qxe5 26. dxe5 Bb4 27. Rd1 h5 28. Bg5 Rdg8 29. Rxg8+ Rxg8 30. f4 Rc8 31. f5 Rg8 32. h4 1-0

[Event "ISL-ch"]
[Site "Arborg"]
[Date "1998.11.03"]
[Round "7"]
[White "Stefansson, Hannes"]
[Black "Gretarsson, Helgi Ass"]
[Result "0-1"]
[WhiteElo "2535"]
[BlackElo "2480"]
[PlyCount "173"]
[EventDate "1998.10.27"]
[Source "ChessBase"]
[SourceDate "1999.01.01"]

1. d4 d5 2. c4 c6 3. Nf3 Nf6 4. Nc3 dxc4 5. a4 Na6 6. e4 Bg4 7. Bxc4 Bxf3 8. gxf3 e6 9. Be3 Be7 10. O-O Nb4 11. Kh1 O-O 12. Rg1 Kh8 13. f4 c5 14. dxc5 Qc7 15. e5 Nd7 16. Ne4 Nxc5 17. Nd6 Rad8 18. Bd4 f6 19. Qh5 Qc6+ 20. Rg2 Bxd6 21. exd6 Ncd3 22. Qg4 g6 23. Qh4 e5 24. Bxd3 Nxd3 25. fxe5 fxe5 26. Bc3 Rxd6 27. Kg1 Re6 28. Qh6 Rf5 29. Qe3 Nf4 30. Rg4 Kg8 31. a5 Rd6 32. f3 Rd3 33. Qe4 Nh3+ 34. Kg2 Rdxf3 35. Qxc6 bxc6 36. Bxe5 Rf2+ 37. Kxh3 Rxe5 38. Kg3 Rxb2 39. Rd4 Re3+ 40. Kf4 Re7 41. h4 Kg7 42. h5 Rf7+ 43. Kg3 Rb3+ 44. Kg2 Rb5 45. hxg6 Rg5+ 46. Kh3 hxg6 47. a6 c5 48. Rd6 Rf3+ 49. Kh2 Rf2+ 50. Kh3 Rfg2 51. Ra3 Rg1 52. Kh2 R5g2+ 53. Kh3 Kh6 54. Rc3 Rg5 55. Kh2 R5g2+ 56. Kh3 Rg5 57. Kh2 R1g2+ 58. Kh3 Ra2 59. Rc6 Ra1 60. Kh2 Ra2+ 61. Kh3 Rg1 62. R3xc5 Rga1 63. Rc8 Rxa6 64. Rh8+ Kg7 65. Rd8 R1a3+ 66. Kg2 Rb6 67. Rc2 a5 68. Ra8 a4 69. Ra5 Rbb3 70. Rd2 Ra1 71. Rf2 a3 72. Ra7+ Kh6 73. Ra5 Rab1 74. Rf3 Rg1+ 75. Kxg1 Rxf3 76. Kg2 Rb3 77. Kf2 g5 78. Kg2 Kh5 79. Ra4 g4 80. Ra8 Kg5 81. Rf8 Rf3 82. Ra8 Kf5 83. Ra5+ Ke4 84. Ra4+ Kd5 85. Rxg4 Rc3 86. Kf2 a2 87. Rg1 0-1

[Event "Komercni Banka op"]
[Site "Pardubice"]
[Date "1997.07.25"]
[Round "9"]
[White "Rogozenko, Dorin"]
[Black "Lugovoi, Aleksei"]
[Result "0-1"]
[WhiteElo "2490"]
[BlackElo "2520"]
[PlyCount "60"]
[EventDate "1997.07.17"]
[Source "www.chesslib.no"]
[SourceDate "2004.05.04"]

1. d4 d5 2. c4 c6 3. Nf3 Nf6 4. Nc3 dxc4 5. a4 Na6 6. e4 Bg4 7. Bxc4 Bxf3 8. gxf3 e6 9. Be3 Be7 10. Rg1 O-O 11. e5 Ne8 12. h4 Nb4 13. h5 Kh8 14. f4 Qd7 15. Ne4 Rd8 16. Ng5 Nd5 17. Bd3 f5 18. exf6 Nexf6 19. Qb1 Bb4+ 20. Kf1 c5 21. Nf3 Nxe3+ 22. fxe3 cxd4 23. Ne5 Qc7 24. h6 g6 25. Bxg6 Nd5 26. Bxh7 Qxe5 27. Rg8+ Rxg8 28. fxe5 Rdf8+ 29. Ke2 Rg2+ 30. Kd3 Rd2+ 0-1

[Event "Plovdiv"]
[Site "Plovdiv"]
[Date "1984.??.??"]
[Round "8"]
[White "Spassov, Liuben"]
[Black "Taimanov, Mark E"]
[Result "1/2-1/2"]
[WhiteElo "2475"]
[BlackElo "2515"]
[PlyCount "72"]
[EventDate "1984.06.??"]
[Source "ChessBase"]

1. d4 d5 2. c4 c6 3. Nf3 Nf6 4. Nc3 dxc4 5. a4 Na6 6. e4 Bg4 7. Bxc4 e6 8. O-O Nb4 9. Be3 Be7 10. Be2 O-O 11. Ne5 Bxe2 12. Qxe2 Nd7 13. Nc4 Nb6 14. Rac1 Nxc4 15. Qxc4 Qa5 16. Rfd1 Rfd8 17. Rd2 h6 18. Rcd1 Rac8 19. g3 a6 20. h4 Qh5 21. Qe2 Qxe2 22. Nxe2 g5 23. hxg5 hxg5 24. g4 a5 25. Nc1 Kg7 26. Kg2 Rh8 27. Rh1 Rxh1 28. Kxh1 Rh8+ 29. Kg2 f5 30. f3 Kg6 31. Nd3 Nxd3 32. Rxd3 fxg4 33. fxg4 Rh4 34. Kf3 Rh3+ 35. Kg2 Rh5 36. Kf3 Rh3+ 1/2-1/2

[Event "ch-ISL, Strandgotu ISL"]
[Site "?"]
[Date "2001.??.??"]
[Round "7"]
[White "Stefansson, H."]
[Black "Gunnarsson, J."]
[Result "1-0"]
[WhiteElo "2585"]
[BlackElo "2400"]
[PlyCount "66"]
[EventDate "2001.??.??"]
[Source "www.chesslib.no"]
[SourceDate "2004.05.04"]

1. d4 d5 2. c4 c6 3. Nf3 Nf6 4. Nc3 dxc4 5. a4 Na6 6. e4 Bg4 7. Bxc4 Bxf3 8. gxf3 e6 9. Be3 Be7 10. O-O Nb4 11. Kh1 O-O 12. Rg1 g6 13. f4 c5 14. f5 cxd4 15. Bxd4 Qc7 16. b3 exf5 17. exf5 Qc6+ 18. f3 Nh5 19. fxg6 hxg6 20. Qe2 Kh7 21. Qxe7 Qxf3+ 22. Rg2 Nc6 23. Qe3 Nxd4 24. Qxd4 Nf4 25. Bd5 Nxd5 26. Nxd5 Rad8 27. Nf6+ Kh6 28. Qh4+ Kg7 29. Nh5+ Kh7 30. Nf4+ Kg7 31. Qg3 Rd1+ 32. Rxd1 Qxd1+ 33. Rg1 Qd7 1-0

[Event "X Open"]
[Site "Dubai EAU"]
[Date "2008.04.13"]
[Round "8"]
[White "Gleizerov, Evgeny"]
[Black "Sachdev, Tania"]
[Result "1/2-1/2"]
[WhiteElo "2556"]
[BlackElo "2423"]
[PlyCount "114"]
[EventDate "2008.04.07"]
[Source "www.chesslib.no"]
[SourceDate "2004.05.04"]

1. d4 d5 2. c4 c6 3. Nf3 Nf6 4. Nc3 dxc4 5. a4 Na6 6. e4 Bg4 7. Be3 Nb4 8. Bxc4 Bxf3 9. gxf3 e6 10. Rc1 Qa5 11. O-O O-O-O 12. f4 Kb8 13. Qf3 Be7 14. Kh1 g6 15. Rg1 h6 16. b3 Ka8 17. Rgd1 Rd7 18. Rd2 Rhd8 19. Bf1 g5 20. Bg2 g4 21. Qe2 h5 22. Rcd1 Rg8 23. Qc4 h4 24. Kg1 h3 25. Bh1 Rgd8 26. Ne2 Ne8 27. Nc3 Nc7 28. f5 exf5 29. d5 cxd5 30. exd5 Bd6 31. Bf4 Qc5 32. Bxd6 Qxd6 33. a5 Re7 34. Ne2 Rde8 35. f4 Rd7 36. Ng3 Nba6 37. Nxf5 Qf6 38. d6 Qxf5 39. dxc7 Rxd2 40. Rxd2 Nxc7 41. a6 Qb1+ 42. Qf1 Qxf1+ 43. Kxf1 Nxa6 44. Rd7 Nc5 45. Rxf7 a5 46. Kf2 Ne4+ 47. Bxe4 Rxe4 48. f5 Rb4 49. Kg3 Rxb3+ 50. Kxg4 Rb4+ 51. Kxh3 a4 52. Re7 a3 53. Re3 Ra4 54. f6 a2 55. f7 Rf4 56. Ra3+ Kb8 57. Rxa2 Rxf7 1/2-1/2

[Event "Open"]
[Site "Liverpool ENG"]
[Date "2007.09.09"]
[Round "9"]
[White "Lalic, B."]
[Black "Shaw, J."]
[Result "1-0"]
[WhiteElo "2509"]
[BlackElo "2446"]
[PlyCount "73"]
[EventDate "2007.09.04"]
[Source "www.chesslib.no"]
[SourceDate "2004.05.04"]

1. d4 d5 2. c4 c6 3. Nf3 Nf6 4. Nc3 dxc4 5. a4 Na6 6. e4 Bg4 7. Bxc4 Bxf3 8. gxf3 e6 9. O-O Be7 10. Kh1 Nb4 11. Rg1 g6 12. Be3 a6 13. a5 Qc7 14. Qb3 O-O 15. Ne2 c5 16. dxc5 Bxc5 17. Bh6 Rfe8 18. Qc3 Be7 19. Bxe6 Qxc3 20. bxc3 fxe6 21. cxb4 Rac8 22. Be3 Rc4 23. Rgb1 Rd8 24. b5 Bc5 25. Bg5 Rf8 26. bxa6 bxa6 27. Rc1 Rxc1+ 28. Rxc1 Nd7 29. Kg2 Rb8 30. Nf4 Kf7 31. Nd3 Rb5 32. Bd2 Ke8 33. Rc4 Kd8 34. h3 Kc7 35. Bb4 Kd6 36. Nxc5 Nxc5 37. f4 1-0

[Event "Tuzla"]
[Site "Tuzla"]
[Date "1981.??.??"]
[Round "2"]
[White "Bukic, Enver"]
[Black "Klaric, Zlatko"]
[Result "1/2-1/2"]
[WhiteElo "2485"]
[BlackElo "2450"]
[PlyCount "35"]
[EventDate "1981.10.??"]
[Source "ChessBase"]

1. d4 d5 2. c4 c6 3. Nf3 Nf6 4. Nc3 dxc4 5. a4 Na6 6. e4 Bg4 7. Bxc4 e6 8. O-O Be7 9. Be3 Nb4 10. Qb3 Bxf3 11. gxf3 O-O 12. Kh1 a5 13. Rad1 Qb8 14. Rg1 Kh8 15. Rd2 Nh5 16. Qd1 Qc7 17. Qf1 Rad8 18. Qh3 1/2-1/2

[Event "Mermaid Beach Club"]
[Site "Bermuda"]
[Date "1999.02.03"]
[Round "12"]
[White "Gershon, Alik"]
[Black "Gretarsson, Helgi Ass"]
[Result "1/2-1/2"]
[WhiteElo "2467"]
[BlackElo "2459"]
[PlyCount "98"]
[EventDate "1999.01.21"]
[Source "www.chesslib.no"]
[SourceDate "2004.05.04"]

1. d4 d5 2. c4 c6 3. Nf3 Nf6 4. Nc3 dxc4 5. a4 Na6 6. e4 Bg4 7. Bxc4 Bxf3 8. gxf3 e6 9. Bxa6 bxa6 10. Qe2 Qc8 11. Bf4 Be7 12. O-O Qb7 13. Rac1 O-O 14. Rfd1 Rfd8 15. Qc4 Rac8 16. Rc2 Nd7 17. a5 Bb4 18. Ra1 c5 19. d5 Bxc3 20. bxc3 exd5 21. Qxd5 Qxd5 22. exd5 c4 23. d6 Nc5 24. Re2 Nd3 25. Bg3 f5 26. Re6 Rd7 27. Bh4 Nf4 28. Re7 Rxd6 29. Bg3 Rg6 30. Kf1 Nd5 31. Rd7 Nxc3 32. Be5 Nb5 33. Rc1 c3 34. Rc2 h5 35. f4 Rf8 36. Ke2 Rf7 37. Rd3 Re7 38. Rd5 Rg2 39. h3 Rh2 40. Kf3 Rh1 41. Kg2 Rb1 42. Rc5 Re6 43. Bxc3 Rg6+ 44. Kf3 Rh1 45. Be5 Rxh3+ 46. Ke2 Rh1 47. Rc8+ Kh7 48. Rd2 h4 49. Rdd8 Re6 1/2-1/2

[Event "Borovo"]
[Site "?"]
[Date "1980.08.14"]
[Round "6"]
[White "Ermenkov Evgenij"]
[Black "Klaric Zlatko"]
[Result "1-0"]
[WhiteElo "2495"]
[BlackElo "2430"]
[PlyCount "107"]
[EventDate "1980.??.??"]
[Source "www.chesslib.no"]
[SourceDate "2004.05.04"]

1. d4 d5 2. c4 c6 3. Nf3 Nf6 4. Nc3 dxc4 5. a4 Na6 6. e4 Bg4 7. Bxc4 e6 8. O-O Nb4 9. a5 Bxf3 10. gxf3 Be7 11. Be3 O-O 12. Qb3 b5 13. Be2 a6 14. f4 Qc7 15. Bf3 Rfd8 16. Rfd1 c5 17. dxc5 Bxc5 18. e5 Bxe3 19. Bxa8 Rxa8 20. Qxb4 Bc5 21. Qb3 Qc6 22. Qc2 Nh5 23. Qe4 Qxe4 24. Nxe4 Bf8 25. Rac1 Nxf4 26. Rc6 Bb4 27. Nc5 Bxa5 28. Rxa6 Rxa6 29. Nxa6 Kf8 30. Rd7 Bb6 31. Nb4 Ke8 32. Rb7 Bd4 33. b3 Bxe5 34. Rxb5 Bd6 35. Rb7 g5 36. Nc2 g4 37. Ne3 h5 38. Nc4 Bc5 39. b4 Nh3+ 40. Kf1 Bxf2 41. Nd6+ Kd8 42. Nxf7+ Ke8 43. Nd6+ Kd8 44. Rh7 Bg1 45. b5 Bxh2 46. Nb7+ Ke8 47. b6 g3 48. Nd6+ Kd8 49. b7 g2+ 50. Kxg2 Bxd6 51. Rh8+ Kd7 52. Kxh3 Kc6 53. b8=Q Bxb8 54. Rxb8 1-0

[Event "Toulouse"]
[Site "Toulouse"]
[Date "1996.??.??"]
[Round "8"]
[White "Touzane, Olivier"]
[Black "Kinsman, Andrew PH"]
[Result "1/2-1/2"]
[WhiteElo "2495"]
[BlackElo "2400"]
[PlyCount "103"]
[EventDate "1996.10.??"]
[Source "ChessBase"]

1. d4 d5 2. c4 c6 3. Nf3 Nf6 4. Nc3 dxc4 5. a4 Na6 6. e4 Bg4 7. Bxc4 e6 8. Be3 Nb4 9. Qb3 Bxf3 10. gxf3 Be7 11. Rg1 g6 12. f4 O-O 13. f5 exf5 14. exf5 Kg7 15. O-O-O Qd7 16. fxg6 fxg6 17. h4 Nfd5 18. h5 Qf5 19. hxg6 hxg6 20. Rg3 Rad8 21. Be2 Nf4 22. Bg4 Qf7 23. d5 Nbxd5 24. Nxd5 Rxd5 25. Rxd5 Qxd5 26. Qxd5 Nxd5 27. Bxa7 b6 28. Bf3 Ra8 29. Bxd5 cxd5 30. Bxb6 Rxa4 31. Rd3 Bf6 32. b3 Ra1+ 33. Kd2 Rb1 34. Bc5 Kf7 35. b4 Ke6 36. Ra3 d4 37. Ra6+ Kf5 38. Kd3 Be5 39. Ra5 Kf4 40. Bf8 g5 41. Ra7 Rb3+ 42. Kc4 Rf3 43. Rf7+ Ke4 44. Rxf3 Kxf3 45. Bc5 Ke4 46. b5 g4 47. b6 d3 48. Bb4 Kf3 49. Kxd3 Kxf2 50. Ke4 Bb8 51. Be7 g3 52. Bh4 1/2-1/2

[Event "Yalta op"]
[Site "?"]
[Date "1996.??.??"]
[Round "3"]
[White "Shipov Sergei"]
[Black "Shvedchikov Anatoli I"]
[Result "1-0"]
[WhiteElo "2540"]
[BlackElo "2350"]
[PlyCount "93"]
[EventDate "1996.??.??"]
[Source "www.chesslib.no"]
[SourceDate "2004.05.04"]

1. d4 d5 2. c4 c6 3. Nf3 Nf6 4. Nc3 dxc4 5. a4 Na6 6. e4 Bg4 7. Bxc4 Bxf3 8. gxf3 e6 9. Bxa6 bxa6 10. O-O Be7 11. Be3 O-O 12. Rc1 Qa5 13. Nb1 Rfc8 14. Nd2 Rab8 15. Nc4 Qh5 16. Bf4 Rb4 17. Qd3 Rxa4 18. Ne5 Bd6 19. Bg3 c5 20. b3 Ra5 21. b4 Rb5 22. bxc5 Bxe5 23. Bxe5 Nd7 24. Bg3 Qg6 25. c6 Nb6 26. Kh1 e5 27. dxe5 h5 28. Qd6 Qe6 29. c7 Rb3 30. Kg2 a5 31. Rc6 Re8 32. Qxe6 fxe6 33. Rd1 Kf7 34. Rd8 Nc8 35. Rxe8 Kxe8 36. Rxe6+ Kf7 37. Ra6 Rb5 38. e6+ Ke7 39. f4 Rb6 40. Rxa5 Kxe6 41. Rxh5 Rb4 42. Rh8 Kd7 43. f5 Ne7 44. Rd8+ Kc6 45. c8=Q+ Nxc8 46. Rxc8+ Kd7 47. Rc7+ 1-0

[Event "Torshavn"]
[Site "?"]
[Date "1997.??.??"]
[Round "?"]
[White "Pedersen, St"]
[Black "Gretarsson, H."]
[Result "1-0"]
[WhiteElo "2420"]
[BlackElo "2470"]
[PlyCount "81"]
[EventDate "1997.??.??"]
[Source "ChessBase"]
[SourceDate "1997.02.01"]

1. d4 d5 2. c4 c6 3. Nf3 Nf6 4. Nc3 dxc4 5. a4 Na6 6. e4 Bg4 7. Bxc4 e6 8. Be3 Be7 9. O-O Nb4 10. Rc1 O-O 11. h3 Bh5 12. Qe2 c5 13. dxc5 Qa5 14. g4 Bg6 15. Nd2 Qc7 16. Nb5 Qc6 17. Nd6 a6 18. Bb3 b6 19. Nf5 exf5 20. cxb6 Qd7 21. Rc7 Qe8 22. exf5 Bxf5 23. gxf5 Bd6 24. Ra7 Rd8 25. Nc4 Bb8 26. Rd1 Bxa7 27. bxa7 Nfd5 28. Qf3 Nxe3 29. Rxd8 Qxd8 30. Nb6 Qxb6 31. a8=Q Ned5 32. Bxd5 Rxa8 33. Bxa8 Kf8 34. Qc3 a5 35. Be4 Qd8 36. Qe5 Qe7 37. Qxa5 Qxe4 38. Qd8+ Qe8 39. Qd6+ Qe7 40. Qb8+ Qe8 41. Qxb4+ 1-0

[Event "SWE-FIN"]
[Site "Nykoping"]
[Date "1989.??.??"]
[Round "1"]
[White "Cramling, Pia"]
[Black "Valkesalmi, Kimmo"]
[Result "1-0"]
[WhiteElo "2480"]
[BlackElo "2395"]
[PlyCount "101"]
[EventDate "1989.??.??"]
[Source "ChessBase"]

1. d4 d5 2. c4 c6 3. Nf3 Nf6 4. Nc3 dxc4 5. a4 Na6 6. e4 Bg4 7. Bxc4 e6 8. Be3 Bb4 9. Qd3 Bxf3 10. gxf3 Nc7 11. Rg1 g6 12. O-O-O Rc8 13. Kb1 O-O 14. Bg5 Be7 15. f4 b5 16. axb5 Nxb5 17. Nxb5 cxb5 18. Bb3 Kh8 19. Bh6 Rg8 20. f5 gxf5 21. exf5 Qd6 22. fxe6 fxe6 23. Qh3 Rxg1 24. Rxg1 Rg8 25. Rxg8+ Nxg8 26. Be3 Nf6 27. Qxe6 Qxe6 28. Bxe6 Bd6 29. h3 Kg7 30. Kc2 Nh5 31. Bd7 Nf4 32. Bxf4 Bxf4 33. Bxb5 Kf6 34. Kd3 Bc1 35. b3 Bb2 36. Ke4 h6 37. Bd7 Ke7 38. Bg4 Kd6 39. f4 Bc1 40. Bf3 Bd2 41. Kf5 Be3 42. Ke4 Bd2 43. Be2 Be1 44. Bc4 Bd2 45. Bg8 Be1 46. Kf5 Bd2 47. Kg4 Be3 48. d5 Bd2 49. Be6 Ke7 50. f5 Kf6 51. d6 1-0

[Event "Biel Open"]
[Site "Biel SUI"]
[Date "1981.??.??"]
[Round "?"]
[White "Birnboim, Nathan"]
[Black "Reefschlaeger, Helmut"]
[Result "1-0"]
[WhiteElo "2455"]
[BlackElo "2400"]
[PlyCount "69"]
[EventDate "1981.??.??"]
[Source "www.chesslib.no"]
[SourceDate "2004.05.04"]

1. d4 d5 2. c4 c6 3. Nf3 Nf6 4. Nc3 dxc4 5. a4 Na6 6. e4 Bg4 7. Be3 e6 8. Bxc4 Nb4 9. O-O Be7 10. Qb3 Bxf3 11. gxf3 O-O 12. Kh1 Kh8 13. Ne2 c5 14. dxc5 Qa5 15. Rg1 Rac8 16. Rac1 Rfd8 17. Bd4 Bxc5 18. Bc3 Be7 19. Nf4 Qb6 20. a5 Qxf2 21. Rcf1 Qc2 22. Bxe6 Qxb3 23. Bxb3 Kg8 24. Bxb4 Bxb4 25. e5 Bc5 26. Rg2 Be3 27. exf6 Bxf4 28. Rxg7+ Kh8 29. Rxf7 Rd2 30. Rxb7 Rxh2+ 31. Kg1 Rxb2 32. f7 Be3+ 33. Kh1 Kg7 34. Re1 Rc6 35. f8=Q+ 1-0

[Event "Excelsior Cup"]
[Site "Goteborg"]
[Date "2004.01.08"]
[Round "1"]
[White "Rogozenko, Dorian"]
[Black "Akesson, Joel"]
[Result "1-0"]
[WhiteElo "2517"]
[BlackElo "2333"]
[PlyCount "79"]
[EventDate "2004.01.06"]
[Source "Roberto Alvarez"]
[SourceDate "2004.01.19"]

1. d4 d5 2. c4 c6 3. Nf3 Nf6 4. Nc3 dxc4 5. a4 Na6 6. e4 Bg4 7. Bxc4 e6 8. O-O Be7 9. Be3 O-O 10. Be2 Qc7 11. h3 Bh5 12. Ne5 Bxe2 13. Qxe2 Rad8 14. Rfc1 Nb4 15. a5 Qb8 16. Ra4 Nd7 17. Bf4 Nxe5 18. Bxe5 Qc8 19. Qc4 Na6 20. b4 Qd7 21. b5 cxb5 22. Qxb5 Bg5 23. Rb1 Bd2 24. Qxd7 Rxd7 25. Nb5 f6 26. Bg3 e5 27. dxe5 fxe5 28. Bxe5 Nc5 29. Rc4 Nd3 30. Bd6 Rxf2 31. Rc8+ Kf7 32. Rf8+ Kg6 33. Rxf2 Nxf2 34. Kxf2 a6 35. Rd1 Bb4 36. Ke2 Bxa5 37. Na3 b5 38. e5 Kf5 39. Nc2 Bb6 40. Ne3+ 1-0

[Event "Regensburg op"]
[Site "Regensburg"]
[Date "1997.??.??"]
[Round "9"]
[White "Prusikhin, Mihailo"]
[Black "Teske, Henrik"]
[Result "0-1"]
[WhiteElo "2340"]
[BlackElo "2500"]
[PlyCount "80"]
[EventDate "1997.??.??"]
[Source "www.chesslib.no"]
[SourceDate "2004.05.04"]

1. d4 d5 2. c4 c6 3. Nf3 Nf6 4. Nc3 dxc4 5. a4 Na6 6. e4 Bg4 7. Bxc4 Bxf3 8. gxf3 e6 9. Rg1 Nb4 10. Be3 a5 11. Rc1 g6 12. Ne2 Qc7 13. Qb3 Rd8 14. Nf4 Bh6 15. Ne2 Bg7 16. Bg5 Rd7 17. Bf4 Qd8 18. Be5 Nh5 19. f4 Bxe5 20. fxe5 Rxd4 21. Nxd4 Qxd4 22. Rg4 Qxe5 23. Qc3 Qf6 24. Qxf6 Nxf6 25. Rg5 Nxe4 26. Rxa5 Kd7 27. Rd1+ Nd6 28. Bb3 Kc7 29. Re5 Nf5 30. Re4 c5 31. Rc4 Kc6 32. a5 Ra8 33. Ra1 Nd4 34. Bd1 Kd5 35. b3 b6 36. Kf1 e5 37. Ke1 h5 38. Kd2 e4 39. Rcc1 bxa5 40. Ra4 Nd3 0-1

[Event "Nijmegen"]
[Site "Nijmegen NED"]
[Date "1982.??.??"]
[Round "?"]
[White "Scheeren, Peter"]
[Black "Reefschlaeger, Helmut"]
[Result "1-0"]
[WhiteElo "2430"]
[BlackElo "2405"]
[PlyCount "77"]
[EventDate "1982.??.??"]
[Source "www.chesslib.no"]
[SourceDate "2004.05.04"]

1. d4 d5 2. c4 c6 3. Nf3 Nf6 4. Nc3 dxc4 5. a4 Na6 6. e4 Bg4 7. Bxc4 e6 8. Be3 Nb4 9. a5 Be7 10. O-O O-O 11. Qe2 b5 12. axb6 axb6 13. Rad1 Qb8 14. h3 Bh5 15. g4 Bg6 16. Ne5 Rd8 17. Bf4 Bd6 18. Bg3 c5 19. dxc5 Bxe5 20. Rxd8+ Qxd8 21. Bxe5 bxc5 22. Rd1 Qc8 23. Bxf6 gxf6 24. f4 h6 25. f5 Bh7 26. fxe6 fxe6 27. Rd6 Qc7 28. Bxe6+ Kh8 29. Qf2 Qe7 30. Qxc5 Nd3 31. Qd4 Ne5 32. Kg2 Rb8 33. b3 Qc7 34. Bc4 Qa5 35. Rxf6 Rd8 36. Bd5 Bxe4+ 37. Qxe4 Qxc3 38. Rxh6+ Kg7 39. Rh7+ 1-0

[Event "Corr"]
[Site "?"]
[Date "1995.12.30"]
[Round "?"]
[White "Nikitin Victor Alekseevich"]
[Black "Vicanek Josef"]
[Result "1/2-1/2"]
[WhiteElo "2490"]
[BlackElo "2305"]
[PlyCount "49"]
[EventDate "1995.??.??"]
[Source "www.chesslib.no"]
[SourceDate "2004.05.04"]

1. d4 d5 2. c4 c6 3. Nf3 Nf6 4. Nc3 dxc4 5. a4 Na6 6. e4 Bg4 7. Bxc4 e6 8. Be3 Bb4 9. Qd3 Bxf3 10. gxf3 Nc7 11. O-O Nh5 12. Ne2 a5 13. Nf4 Nxf4 14. Bxf4 O-O 15. Rad1 Bd6 16. Qe3 Bxf4 17. Qxf4 Qe7 18. b3 Rfd8 19. Qe5 Rd7 20. Qc5 Qxc5 21. dxc5 Rad8 22. Rxd7 Rxd7 23. Rc1 Rd2 24. Kf1 Kf8 25. Ke1 1/2-1/2

[Event "ESP-ch"]
[Site "Barcelona"]
[Date "2000.08.25"]
[Round "7"]
[White "Herraiz Lopez, Herminio"]
[Black "Jose Abril, Ramon"]
[Result "1-0"]
[WhiteElo "2415"]
[BlackElo "2361"]
[PlyCount "71"]
[EventDate "2000.08.18"]
[Source "ChessBase"]
[SourceDate "2000.09.14"]

1. d4 d5 2. c4 c6 3. Nf3 Nf6 4. Nc3 dxc4 5. a4 Na6 6. e4 Bg4 7. Bxc4 Bxf3 8. gxf3 e6 9. Be3 Nb4 10. a5 Be7 11. Rg1 g6 12. f4 O-O 13. h4 Kh8 14. Be2 c5 15. dxc5 Qxd1+ 16. Kxd1 Rfd8+ 17. Kc1 Rac8 18. Ra4 Nd3+ 19. Bxd3 Rxd3 20. a6 bxa6 21. Kc2 Rd7 22. b4 Rb7 23. Rb1 Rc6 24. Rba1 Rc8 25. Rxa6 Rxb4 26. Rxa7 Ng8 27. Ra8 Rc7 28. R1a7 Rxa7 29. Rxa7 Kg7 30. Kd3 Bxh4 31. c6 Rb8 32. c7 Rf8 33. Bc5 Re8 34. Nb5 Ne7 35. Bxe7 Bxe7 36. e5 1-0